Catálogo público

Resistencia de materiales (Record no. 99067)

MARC details
000 -CABECERA
campo de control de longitud fija 00951nam a2200289 a 4500
003 - IDENTIFICADOR DEL NÚMERO DE CONTROL
campo de control CHAP
005 - FECHA Y HORA DE LA ÚLTIMA TRANSACCIÓN
campo de control 20220329143609.0
008 - DATOS DE LONGITUD FIJA--INFORMACIÓN GENERAL
campo de control de longitud fija 100813s1994 mx a r 10000 spa d
010 ## - NÚMERO DE CONTROL DE LA BIBLIOTECA DEL CONGRESO
Número de control de LC 99067
011 ## - ENLACE DEL NUMERO DE CONTROL DE LA BIBLIOTECA DEL CONGRESO [OBSOLETO]
Número de control de LC 100039
020 ## - NÚMERO INTERNACIONAL ESTÁNDAR DEL LIBRO
Número Internacional Estándar del Libro 9789701510568
035 ## - NÚMERO DE CONTROL DEL SISTEMA
Número de control de sistema 110725
040 ## - FUENTE DE LA CATALOGACIÓN
Centro/agencia transcriptor CHAP
082 04 - NÚMERO DE LA CLASIFICACIÓN DECIMAL DEWEY
Número de clasificación 620.112
Número de documento/Ítem P99
100 00 - ENTRADA PRINCIPAL--NOMBRE DE PERSONA
Nombre de persona Pytel, Andrew.
9 (RLIN) 93104
245 10 - MENCIÓN DE TÍTULO
Título Resistencia de materiales
Mención de responsabilidad, etc. /por Andrew Pytel y Ferdinand L. Singer
260 ## - PUBLICACIÓN, DISTRIBUCIÓN, ETC.
Lugar de publicación, distribución, etc. México :
Nombre del editor, distribuidor, etc. Oxford University,
Fecha de publicación, distribución, etc. c1994
300 ## - DESCRIPCIÓN FÍSICA
Extensión xxxi, 584 p. :
Otras características físicas ilus.
534 ## - NOTA SOBRE LA VERSIÓN ORIGINAL
Frase introductoria Tit. original :
Mención de título del original Strength of materials.
Publicación, distribución, etc. del original New York, NY : Harper, c1987
Mención de edición del original 4 ed.
590 ## - NOTA LOCAL (RLIN)
Nota local BATCH-UPD
Procedencia (VM) [OBSOLETO] 10
Condición del los carretes individuales (VM) [OBSOLETO] 20130110
-- UCH01
-- 1608
590 ## - NOTA LOCAL (RLIN)
Nota local CONVERSION
Procedencia (VM) [OBSOLETO] 10
Condición del los carretes individuales (VM) [OBSOLETO] 20130109
-- UCH01
-- 1355
650 14 - PUNTO DE ACCESO ADICIONAL DE MATERIA--TÉRMINO DE MATERIA
Término de materia o nombre geográfico como elemento de entrada Resistencia de materiales.
9 (RLIN) 96123
700 0# - PUNTO DE ACCESO ADICIONAL--NOMBRE DE PERSONA
Nombre de persona Singer, Ferdinand Leon.
9 (RLIN) 106585
901 ## - ELEMENTOS DE DATOS A LOCAL LDA (RLIN)
a BK
942 ## - ELEMENTOS DE PUNTO DE ACCESO ADICIONAL (KOHA)
Tipo de ítem Koha Libro
949 ## - PROCESAMIENTO DE INFORMACIÓN LOCAL (OCLC)
a 620.112 P99y
b BC
c LIBRO
d 33724002059347
e LIBRO
g I.c/e
h 109285
i 110725
s i
t $238.00
Holdings
Estado de retiro Estado de pérdida Fuente del sistema de clasificación o colocación Estado dañado Restricciones de uso No para préstamo Código de colección Localización permanente Ubicación/localización actual Ubicación en estantería Fecha de adquisición Fuente de adquisición Información codificada de la localización en otra ubicación Total de préstamos Renovaciones totales Signatura topográfica completa Código de barras Fecha visto por última vez Fecha del último préstamo Precio válido a partir de Tipo de ítem Koha
    Dewey Decimal Classification   Préstamo 15 días   General Biblioteca Central Biblioteca Central Planta principal - Colección General 31/12/2019 I.c/e LIBRO 3 3 620.112 P99y 33724002059347 22/01/2024 06/12/2023 31/12/2019 Libro